Topics in lipid chemistry. V 2 (Record no. 36065)

MARC details
000 -LEADER
fixed length control field 00263nam a2200109Ia 4500
082 ## - DEWEY DECIMAL CLASSIFICATION NUMBER
Classification number 547.915.5
Item number TOP.2
245 #0 - TITLE STATEMENT
Title Topics in lipid chemistry. V 2
260 ## - PUBLICATION, DISTRIBUTION, ETC. (IMPRINT)
Place of publication London
Name of publisher Logos
Year of publication 1971
700 ## - ADDED ENTRY--PERSONAL NAME
Personal name F D
942 ## - ADDED ENTRY ELEMENTS (KOHA)
Koha item type Books
Holdings
Withdrawn status Lost status Damaged status Not for loan Home library Current library Date acquired Cost, normal purchase price Full call number Accession Number Koha item type
        RRII Library RRII Library 16/12/2021 13.50 547.915.5 TOP.2 16481 Books